| 000 | 00869cam a22002535a 4500 | ||
|---|---|---|---|
| 001 | 016025736 | ||
| 003 | OSt | ||
| 005 | 20161207130559.0 | ||
| 008 | 120130s2012 enka frb 001 0 eng d | ||
| 020 | _a9780080969497 | ||
| 040 |
_aStDuBDS _beng _cStDuBDS _dUk _dEG-ScBUE |
||
| 082 | 0 | 4 |
_a621.430287 _222 _bMAR |
| 100 | 1 |
_aMartyr, Anthony. _917835 |
|
| 245 | 1 | 0 |
_aEngine testing : _bthe design, building, modification and use of powertrain test facilities / _cA. J. Martyr, M. A. Plint. |
| 250 | _a4th ed. | ||
| 260 |
_aOxford : _bButterworth-Heinemann / Elsevier, _c2012. |
||
| 300 |
_axxvii, 571 p. : _bill. ; _c24 cm. |
||
| 504 | _aIncludes bibliographical references and index. | ||
| 650 | 7 |
_aInternal combustion engines _xTesting. _2BUEsh _917834 |
|
| 651 | _2BUEsh | ||
| 653 |
_bENGGEN _cDecember2016 |
||
| 700 | 1 |
_aPlint, M. A. _q(Michael Alexander) |
|
| 942 | _2ddc | ||
| 999 |
_c23500 _d23472 |
||